| Tag |
First Indicator |
Second Indicator |
Subfields |
| LEADER |
00000cam a2200000Mi 4500 |
| 001 |
in00005477129 |
| 006 |
m o d |
| 007 |
cr ||||||||||| |
| 008 |
181203s1897 enka o 000 f eng d |
| 005 |
20240917155134.2 |
| 035 |
|
|
|a (OCoLC)on1114559117
|
| 040 |
|
|
|a UKAMD
|b eng
|e rda
|e pn
|c UKAMD
|d OCLCF
|d OCLCO
|d OCLCL
|
| 035 |
|
|
|a (OCoLC)1114559117
|
| 050 |
|
4 |
|a PR4729.G5
|
| 082 |
0 |
4 |
|a 823.8
|2 23
|
| 049 |
|
|
|a TXAM
|
| 100 |
1 |
|
|a Anstey, F.,
|d 1856-1934,
|e author.
|
| 245 |
1 |
0 |
|a Baboo Jabberjee, B.A.,
|f 1897 /
|c by F. Anstey ; with illustrations by J. Bernard Partridge.
|
| 264 |
|
1 |
|a London :
|b J.M. Dent & Co.,
|c 1897.
|
| 300 |
|
|
|a 1 online resource (1 volume (xvi, 272 pages)) :
|b illustrations (black and white).
|
| 336 |
|
|
|a text
|b txt
|2 rdacontent
|
| 337 |
|
|
|a computer
|b c
|2 rdamedia
|
| 338 |
|
|
|a online resource
|b cr
|2 rdacarrier
|
| 490 |
1 |
|
|a AM Scholar: Area Studies India.
|
| 535 |
1 |
|
|a British Library
|
| 542 |
|
|
|f The British Library Board.
|
| 588 |
|
|
|a Description based on online resource; title from scanned document's title page (viewed on December 4, 2018).
|
| 651 |
|
0 |
|a India
|v Fiction.
|
| 651 |
|
7 |
|a India
|2 fast
|1 https://id.oclc.org/worldcat/entity/E39PBJmdx47cDXrRhBXHtbvPwC
|
| 655 |
|
7 |
|a Electronic books.
|2 local
|
| 655 |
|
0 |
|a Humorous stories.
|
| 655 |
|
7 |
|a Fiction
|2 fast
|
| 655 |
|
7 |
|a Humorous fiction
|2 fast
|
| 700 |
1 |
|
|a Partridge, Bernard,
|d 1861-1945,
|e illustrator.
|
| 710 |
2 |
|
|a Adam Matthew Digital (Firm),
|e digitiser.
|
| 758 |
|
|
|i has work:
|a Baboo Jabberjee, B.A (Text)
|1 https://id.oclc.org/worldcat/entity/E39PCGgcmh3W9D47JmWTmpBc6C
|4 https://id.oclc.org/worldcat/ontology/hasWork
|
| 830 |
|
0 |
|a AM Scholar: Area Studies India.
|
| 856 |
4 |
0 |
|u http://proxy.library.tamu.edu/login?url=https://www.amscholar.amdigital.co.uk/Documents/Details/CD_III_Part1_Reel21_Vol2
|z Connect to the full text of this electronic book
|t 0
|
| 955 |
|
|
|a Adam Matthew Scholar Area Studies India
|
| 994 |
|
|
|a 92
|b TXA
|
| 999 |
f |
f |
|s c97244db-21f5-43d3-a489-683d532ea280
|i 68ec4ccf-f2f6-494a-9ad5-3a4e851b2112
|t 0
|
| 952 |
f |
f |
|a Texas A&M University
|b College Station
|c Electronic Resources
|d Available Online
|t 0
|e PR4729.G5
|h Library of Congress classification
|
| 998 |
f |
f |
|a PR4729.G5
|t 0
|l Available Online
|